ফ্রান্সোয়া বার্ণিয়ারের দেখা ভারত / (Record no. 28734)

MARC details
000 -LEADER
fixed length control field 00966nam a22002057a 4500
003 - CONTROL NUMBER IDENTIFIER
control field BDDh-ASL
005 - DATE AND TIME OF LATEST TRANSACTION
control field 20231015030949.0
008 - FIXED-LENGTH DATA ELEMENTS--GENERAL INFORMATION
fixed length control field 220510s2003 ii ||||| |||| 00| 0 b d
040 ## - CATALOGING SOURCE
Transcribing agency BDDh-ASL
082 ## - DEWEY DECIMAL CLASSIFICATION NUMBER
Classification number 954
Item number ROF
100 1# - MAIN ENTRY--PERSONAL NAME
9 (RLIN) 6212
Personal name রায়, অনিরুদ্ধ
245 10 - TITLE STATEMENT
Title ফ্রান্সোয়া বার্ণিয়ারের দেখা ভারত /
246 ## - VARYING FORM OF TITLE
Title proper/short title Francois Bernierer Dekha Bharat.
260 ## - PUBLICATION, DISTRIBUTION, ETC.
Place of publication, distribution, etc. কলকাতা:
Name of publisher, distributor, etc. ফার্মা কেএলএম প্রাইভেট লিমিটেড,
Date of publication, distribution, etc. ২০০৩।
300 ## - PHYSICAL DESCRIPTION
Extent ২৬১ পৃষ্ঠা:
Dimensions ২২ সে.মি.
504 ## - BIBLIOGRAPHY, ETC. NOTE
Bibliography, etc. note গ্রন্থপঞ্জি ও নির্ঘণ্ট সংযুক্ত ।
650 #0 - SUBJECT ADDED ENTRY--TOPICAL TERM
9 (RLIN) 4586
Topical term or geographic name entry element History (ইতিহাস)
650 #0 - SUBJECT ADDED ENTRY--TOPICAL TERM
Topical term or geographic name entry element History of India (ভারতের ইতিহাস), India Subcontinent ভারত উপমহাদেশ
9 (RLIN) 6214
942 ## - ADDED ENTRY ELEMENTS (KOHA)
Source of classification or shelving scheme Dewey Decimal Classification
Koha item type Books
Holdings
Withdrawn status Lost status Source of classification or shelving scheme Damaged status Not for loan Collection code Home library Current library Shelving location Date acquired Source of acquisition Total Checkouts Full call number Barcode Date last seen Copy number Price effective from Koha item type Public note
    Dewey Decimal Classification     Non-fiction Asiatic Society Library Asiatic Society Library Sirajul Islam Collection 05/10/2022 Donated by Prof. Sirajul Islam FRHS   954 ROF 116777 05/10/2022 C-1 05/10/2022 Books RARE

Powered by Koha